| 000 | 00513nam a2200145Ia 4500 | ||
|---|---|---|---|
| 008 | 210428s9999 xx 000 0 und d | ||
| 020 | _a1-56347-044-6 | ||
| 082 | _a660.04 A498 C | ||
| 100 |
_aSatya N.Atluri _952163 |
||
| 245 | 0 |
_aComputational Nonlinear Mechanics in Aerospace Engineering / _cSatya N.Atluri |
|
| 260 |
_bAmerican Institute of Aeronautics and Astronautics, 1990 _aWashington, DC _61992 |
||
| 300 | _a557p | ||
| 440 |
_aProgress in astronautics and aeronautics V-146 _9127157 |
||
| 942 |
_cBK _2ddc |
||
| 999 |
_c559929 _d559929 |
||